Establishment of the petrochemical industry : From planning to production and marketing

שמור ב:
מידע ביבליוגרפי
פורמט: ספר
שפה:Undetermined
יצא לאור: Tokyo Chemical Economy Research Institute 1975
נושאים:
תגים: הוספת תג
אין תגיות, היה/י הראשונ/ה לתייג את הרשומה!
Thư viện lưu trữ: Trung tâm Học liệu Trường Đại học Cần Thơ
LEADER 00534nam a2200181Ia 4500
001 CTU_107178
008 210402s9999 xx 000 0 und d
082 |a 338.47661 
082 |b E79 
245 0 |a Establishment of the petrochemical industry : 
245 0 |b From planning to production and marketing 
260 |a Tokyo 
260 |b Chemical Economy Research Institute 
260 |c 1975 
650 |a Petroleum chemicals industry 
650 |z Japan 
904 |i Truc 
980 |a Trung tâm Học liệu Trường Đại học Cần Thơ